000 00262nam a2200109Ia 4500
008 220204s9999 xx 000 0 und d
082 _a323.27(73)
_bREV
100 _aRevel, J F
245 0 _aWithout marx or Jesus
260 _aLondon
_bPaladin
_c1972
942 _cBK
999 _c30415
_d30415